00529nam a2200157Ia 4500003000900000008004100009040001600050080001500066100002800081245011900109260006000228300000900288490004100297650001400338650001900352IN-BaIIA211028s9999 xx 000 0 eng d cIIA Library a92:52bHOS aHoskin, Michael A.  0aWilliam Herschel and the construction of the heavenscMichael A. Hoskin  aLondonbMetropolitan Book Company Private Limitedc1963 a199p aOldbourne History of Science Library aBiography aNASA Thesaurus